| 000 | 01368nam a22003855a 4500 | ||
|---|---|---|---|
| 001 | 21745 | ||
| 003 | VRT | ||
| 005 | 20260309113257.0 | ||
| 008 | 160430s2013 xo a a 000 f slo | ||
| 015 | _aSNBA2013/08 | ||
| 020 | _a9788081380143 (brož.) | ||
| 035 | _aDFE22118-1C4B-41AB-AFE8-883B26DA6364 | ||
| 035 | _aurn:nbn:sk:snk-amkbrt | ||
| 035 | _aurn:nbn:sk:snk-am008bs4 | ||
| 039 | 9 |
_a202003200908 _bAUTHORITY _c202003200852 _dAUTHORITY _c201604301114 _dVLOAD _c201602082152 _dVLOAD |
|
| 040 |
_aSNK _bslo _cSNK _eAACR2 |
||
| 041 | 1 |
_aslo _hspa |
|
| 044 |
_axo _cSK |
||
| 072 | 7 |
_a821-93 _xLiteratúra pre deti a mládež (beletria) _2konspekt |
|
| 080 |
_a821-34 _22001 |
||
| 080 |
_a821-93 _22001 |
||
| 130 | 0 |
_aCuentos de Hadas y Animales. _lSlovensky |
|
| 245 | 1 | 0 |
_aMoje najkrajšie rozprávky _c[zo španielskeho originálu preložila Ľubica Jakušová] |
| 250 | _a[1. vyd.] | ||
| 260 |
_aBratislava _bViktoria Print _c[2013] |
||
| 300 |
_a200 s. _bfareb. ilustr. _c26 cm |
||
| 655 | 7 |
_arozprávky _2SNKPH |
|
| 655 | 7 |
_apublikácie pre deti _2SNKPH |
|
| 655 | 7 |
_aFairy tales _2SNKPHeng |
|
| 655 | 7 |
_aChildren's literature _2SNKPHeng |
|
| 700 | 1 |
_aJakušová, Ľubica, _d1958- _4trl |
|
| 942 |
_2ddc _cKLDE _n0 |
||
| 949 |
_617A1080128 _asnkSB 85327 _bsnk2013/16999 _o1615/13 _s6100:20140925 |
||
| 949 |
_617A1080127 _asnkSB 85327 D1 _bsnk2013/17000 _o1615/13 |
||
| 999 |
_c21745 _d21745 |
||